[Event "C.to Provinciale CO"]
[Site "Villa Guardia ITA"]
[Date "2000.02.04"]
[Round "4"]
[White "Buonocore, Elio"]
[Black "Liscio, Giovanni"]
[Result "1/2-1/2"]
[WhiteElo "2093"]
[BlackElo "1816"]
[PlyCount "90"]
[EventDate "2000.01.14"]

1. e4 c6 2. d4 d5 3. e5 Bf5 4. Nf3 e6 5. a3 c5 6. c4 cxd4 7. Nxd4 dxc4 8. Qa4+
Qd7 9. Qxc4 Ne7 10. Nxf5 Nxf5 11. Bd3 Be7 12. Bxf5 exf5 13. O-O O-O 14. Nc3 Nc6
15. Rd1 Qc8 16. f4 Rd8 17. Be3 Qe6 18. Qxe6 fxe6 19. Nb5 Kf7 20. Rxd8 Rxd8 21.
Nxa7 Nd4 22. Bxd4 Rxd4 23. Nb5 Rxf4 24. Rc1 Bd8 25. Nd6+ Ke7 26. g3 Rf3 27.
Nxb7 Bb6+ 28. Kh1 Rb3 29. Rc2 Bd4 30. Rc7+ Kf8 31. Nd8 Bxe5 32. Nxe6+ Kg8 33.
Rc2 Bxb2 34. a4 Bc3 35. Nc7 Ra3 36. Nb5 Ra1+ 37. Kg2 Bb4 38. Rc8+ Kf7 39. Ra8
g5 40. Ra7+ Kg6 41. Ra6+ Kh5 42. h3 Ra2+ 43. Kf1 f4 44. gxf4 gxf4 45. Nd4 Kg5
1/2-1/2

[Event "C.to Provinciale CO"]
[Site "Villa Guardia ITA"]
[Date "2000.02.07"]
[Round "4"]
[White "Cairoli, Camillo"]
[Black "Bellotto, Stefano"]
[Result "1-0"]
[WhiteElo "1918"]
[BlackElo "1701"]
[PlyCount "47"]
[EventDate "2000.01.14"]

1. e4 d6 2. d4 Nf6 3. Nc3 c6 4. f4 Qa5 5. Bd3 e5 6. dxe5 dxe5 7. f5 b5 8. Bd2
Qb6 9. Qf3 Nbd7 10. Nh3 Nc5 11. Nf2 b4 12. Ne2 Ba6 13. Bxa6 Qxa6 14. O-O Qc4
15. b3 Qb5 16. Kh1 O-O-O 17. Be3 Be7 18. a3 Rd7 19. axb4 Qxb4 20. Bxc5 Qxc5 21.
Nd3 Qd6 22. Ra6 Bd8 23. Rfa1 Bb6 24. Rxb6 1-0

[Event "C.to Provinciale CO"]
[Site "Villa Guardia ITA"]
[Date "2000.02.04"]
[Round "4"]
[White "Caprioglio, Marco"]
[Black "Napoli, Ferdinando"]
[Result "1-0"]
[WhiteElo "1600"]
[BlackElo "1546"]
[PlyCount "51"]
[EventDate "2000.01.14"]

1. e4 c5 2. Nf3 Nc6 3. d4 cxd4 4. Nxd4 Nf6 5. Nc3 e5 6. Ndb5 d6 7. Bg5 a6 8.
Na3 b5 9. Nd5 Be7 10. Nxe7 Nxe7 11. Bd3 Bb7 12. Bxf6 gxf6 13. c4 b4 14. Nc2 Qb6
15. Ne3 Qd4 16. Qc2 Rc8 17. Rd1 Qc5 18. Be2 Rg8 19. Bg4 Rc7 20. O-O a5 21. Rd2
h5 22. Bf5 Nxf5 23. Nxf5 d5 24. exd5 Bxd5 25. Rfd1 Rxg2+ 26. Kf1 1-0

[Event "C.to Provinciale CO"]
[Site "Villa Guardia ITA"]
[Date "2000.02.04"]
[Round "4"]
[White "Casoli, Alfredo"]
[Black "Corti, Filippo"]
[Result "1/2-1/2"]
[WhiteElo "1639"]
[BlackElo "1615"]
[PlyCount "59"]
[EventDate "2000.01.14"]

1. e4 g6 2. d4 Bg7 3. Nf3 d6 4. Bc4 Nf6 5. Qe2 O-O 6. O-O c6 7. Bb3 a5 8. Nc3
b5 9. a3 Ba6 10. Nd1 b4 11. Bc4 Bxc4 12. Qxc4 bxa3 13. e5 axb2 14. Bxb2 d5 15.
Qe2 Ne4 16. Nd2 Nxd2 17. Qxd2 e6 18. Bc3 a4 19. Nb2 Nd7 20. Nxa4 Qc7 21. Bb4
Rfc8 22. Nc5 Nb6 23. c3 Nc4 24. Qe2 Bh6 25. Ra2 Ra7 26. Rfa1 Rca8 27. Ra6 Rxa6
28. Rxa6 Rxa6 29. Nxa6 Qa7 30. Qa2 1/2-1/2

[Event "C.to Provinciale CO"]
[Site "Villa Guardia ITA"]
[Date "2000.02.04"]
[Round "4"]
[White "Colombo, Eugenio"]
[Black "Boffi, Luigi"]
[Result "1-0"]
[WhiteElo "1618"]
[BlackElo "1461"]
[PlyCount "76"]
[EventDate "2000.01.14"]

1. e4 c5 2. Nf3 d6 3. Bc4 Nc6 4. Ng5 e6 5. d3 Be7 6. Nf3 a6 7. a3 Nf6 8. Nc3
O-O 9. h3 b5 10. Ba2 Bb7 11. O-O Qc7 12. Ng5 Qd7 13. Re1 Rac8 14. Ne2 d5 15.
Nf4 h6 16. exd5 hxg5 17. dxe6 Qe8 18. exf7+ Rxf7 19. Bxf7+ Qxf7 20. Ne6 Nh7 21.
Qg4 Nd4 22. Nxd4 cxd4 23. Qd7 Rxc2 24. f3 Bf6 25. Re8+ Nf8 26. Qxf7+ Kxf7 27.
Rb8 Bd5 28. Rb6 Nd7 29. Rd6 Be6 30. f4 Nc5 31. fxg5 Be5 32. Rc6 g6 33. b4 Bd5
34. Rxc5 Rxg2+ 35. Kf1 Rh2 36. Rxd5 Rh1+ 37. Kg2 Rh2+ 38. Kg1 Re2 1-0

[Event "C.to Provinciale CO"]
[Site "Villa Guardia ITA"]
[Date "2000.02.04"]
[Round "4"]
[White "Coppola, Guido"]
[Black "Rossi, Silio"]
[Result "1-0"]
[WhiteElo "1803"]
[BlackElo "1516"]
[PlyCount "119"]
[EventDate "2000.01.14"]

1. e4 c5 2. Nf3 Nc6 3. d4 cxd4 4. Nxd4 Qb6 5. Nb3 e6 6. Be3 Qb4+ 7. Nc3 Nf6 8.
a3 Qd6 9. Be2 Qxd1+ 10. Rxd1 a6 11. O-O Be7 12. f4 O-O 13. e5 Ne8 14. Ne4 f5
15. Nc3 Rf7 16. Na4 Bd8 17. Nb6 Bxb6 18. Bxb6 g6 19. Rd2 Rg7 20. Kf2 Rf7 21.
Rfd1 h5 22. Nc5 Nb8 23. Bf3 Nc6 24. Nxd7 Bxd7 25. Rxd7 Rxd7 26. Rxd7 Rb8 27.
Kg3 Ng7 28. c4 Kh7 29. c5 Kh6 30. Bc7 Rc8 31. Bd6 Na5 32. Bxb7 Nxb7 33. Rxb7
Ra8 34. c6 Rc8 35. c7 Ne8 36. Rb8 Rxc7 37. Bxc7 Nxc7 38. Rc8 Nd5 39. Rc6 h4+
40. Kf3 g5 41. Rxe6+ Kh5 42. g3 g4+ 43. Kf2 hxg3+ 44. hxg3 Nc7 45. Rf6 Nb5 46.
Rxf5+ Kg6 47. Rf6+ Kg7 48. Rxa6 Nd4 49. Rd6 Nf5 50. a4 Nxd6 51. exd6 Kf7 52. a5
Ke6 53. a6 Kxd6 54. a7 Kc5 55. a8=Q Kb4 56. Qc6 Kb3 57. f5 Kxb2 58. f6 Kb3 59.
f7 Ka2 60. f8=Q 1-0

[Event "C.to Provinciale CO"]
[Site "Villa Guardia ITA"]
[Date "2000.02.04"]
[Round "4"]
[White "Grassetto, Gilberto"]
[Black "Colombo, Alberto"]
[Result "0-1"]
[WhiteElo "1516"]
[BlackElo "2165"]
[PlyCount "58"]
[EventDate "2000.01.14"]

1. c4 Nf6 2. Nc3 c5 3. g3 Nc6 4. Bg2 g6 5. d3 Bg7 6. e4 d6 7. Be3 O-O 8. f3 a6
9. Nge2 Rb8 10. h4 b5 11. cxb5 axb5 12. Qd2 Re8 13. g4 b4 14. Nd1 Ne5 15. h5
Be6 16. Nf2 c4 17. hxg6 fxg6 18. Nf4 Qd7 19. g5 Nh5 20. Nxh5 gxh5 21. d4 c3 22.
bxc3 Nc4 23. Qc1 bxc3 24. Rxh5 Qa4 25. Qxc3 Nxe3 26. Qxe3 Bxd4 27. Qd2 Rb2 28.
Qxb2 Bxb2 29. Rd1 Bc3+ 0-1

[Event "C.to Provinciale CO"]
[Site "Villa Guardia ITA"]
[Date "2000.02.04"]
[Round "4"]
[White "Perissinotto, Claudio"]
[Black "Larghi, Riccardo"]
[Result "1-0"]
[WhiteElo "2130"]
[BlackElo "1842"]
[PlyCount "71"]
[EventDate "2000.01.14"]

1. e4 c5 2. c3 d5 3. exd5 Qxd5 4. d4 Nf6 5. Nf3 Nc6 6. Be2 e6 7. Na3 a6 8. Nc4
Qd8 9. Nfe5 Nxe5 10. dxe5 Qxd1+ 11. Bxd1 Nd7 12. Bf3 Rb8 13. Bf4 b6 14. O-O-O
Bb7 15. Bxb7 Rxb7 16. Nd6+ Bxd6 17. Rxd6 Ke7 18. Rhd1 Rc8 19. c4 Nb8 20. Be3
Nc6 21. f4 Rbc7 22. Bf2 Rd8 23. Bh4+ f6 24. f5 Nd4 25. Rxd8 Kxd8 26. exf6 gxf6
27. Bxf6+ Ke8 28. fxe6 Nxe6 29. Rd6 Kf7 30. Be5 Rb7 31. Kd2 Ng5 32. Rf6+ Kg8
33. Ke3 Re7 34. Kf4 Ne6+ 35. Kf5 Nd4+ 36. Ke4 1-0

[Event "C.to Provinciale CO"]
[Site "Villa Guardia ITA"]
[Date "2000.02.08"]
[Round "4"]
[White "Pino, Nicola"]
[Black "Gagliardi, Christian"]
[Result "0-1"]
[WhiteElo "1492"]
[BlackElo "1918"]
[PlyCount "135"]
[EventDate "2000.01.14"]

1. e4 d6 2. f4 c5 3. Nf3 Nc6 4. Bb5 a6 5. Bxc6+ bxc6 6. b3 Nf6 7. Nc3 g6 8. Bb2
Bg7 9. Rb1 O-O 10. O-O a5 11. Qe1 Rb8 12. d3 h6 13. Ne2 Qb6 14. Kh1 Qa6 15. Ng3
a4 16. f5 e5 17. fxg6 fxg6 18. Nh4 Kh7 19. Qd2 Be6 20. h3 axb3 21. axb3 Qb7 22.
Ne2 Qd7 23. Ra1 Bxh3 24. Qe3 Bg4 25. Ng3 Nh5 26. Nxh5 Bxh5 27. Kh2 Rxf1 28.
Rxf1 Qe7 29. Qh3 Qg5 30. Bc1 Qg4 31. Be3 Rb7 32. Rf2 Qd7 33. g3 Bg4 34. Qf1 Be6
35. Qc1 Qe8 36. Kg2 Rf7 37. Qh1 Rxf2+ 38. Kxf2 Qf7+ 39. Kg2 Bg4 40. Kh2 h5 41.
Qc1 Bd7 42. Qd1 Qe6 43. Qf1 Qg4 44. Nf3 Bh6 45. Bxh6 Kxh6 46. Nd2 Kg7 47. Nc4
Qe6 48. Nb6 Be8 49. Qf3 Qf6 50. Qe2 h4 51. Kg2 hxg3 52. Kxg3 Qf4+ 53. Kg2 Bf7
54. Qf2 Be6 55. Nc4 Qxf2+ 56. Kxf2 Bxc4 57. bxc4 Kf6 58. Kg3 Kg5 59. c3 Kh5 60.
Kh3 g5 61. Kg3 g4 62. Kg2 Kh4 63. Kh2 g3+ 64. Kg1 Kh3 65. d4 cxd4 66. cxd4 exd4
67. c5 d3 68. Kf1 0-1

[Event "C.to Provinciale CO"]
[Site "Villa Guardia ITA"]
[Date "2000.02.04"]
[Round "4"]
[White "Regorda, Vittorio"]
[Black "Corti, Corrado"]
[Result "0-1"]
[WhiteElo "1573"]
[BlackElo "1795"]
[PlyCount "56"]
[EventDate "2000.01.14"]

1. d4 d5 2. c4 e6 3. Nf3 Nf6 4. g3 c6 5. Qc2 Bd6 6. Bg2 O-O 7. O-O Nbd7 8. b3
Re8 9. Bg5 h6 10. Bc1 e5 11. cxd5 Nxd5 12. dxe5 Nxe5 13. Bb2 Nxf3+ 14. Bxf3 Nb4
15. Qd2 Bf8 16. Qc3 Bf5 17. Na3 Qg5 18. Nc4 Nd5 19. Bxd5 cxd5 20. Ne5 Rac8 21.
Qd4 Rc2 22. Bc1 Qf6 23. Nf3 Qa6 24. Qxd5 Bh3 25. Re1 Rexe2 26. Be3 Rxa2 27.
Rac1 Rxe1+ 28. Nxe1 Qf1# 0-1

[Event "C.to Provinciale CO"]
[Site "Villa Guardia ITA"]
[Date "2000.02.04"]
[Round "4"]
[White "Turcatti, Mauro"]
[Black "Guerrini, Donato"]
[Result "1-0"]
[WhiteElo "1600"]
[BlackElo "1969"]
[PlyCount "69"]
[EventDate "2000.01.14"]

1. e4 e6 2. d4 d5 3. exd5 exd5 4. Bd3 Bd6 5. Ne2 Ne7 6. O-O O-O 7. Bf4 Bf5 8.
Bxd6 Qxd6 9. Ng3 Bg6 10. Bxg6 Nxg6 11. Re1 Nd7 12. c3 f5 13. Nd2 f4 14. Ngf1
Kh8 15. Nf3 c6 16. Qb3 Nf6 17. N1d2 Ng4 18. h3 Nh6 19. Re2 Rf7 20. Rae1 Raf8
21. Re6 Qd8 22. Ne5 Nxe5 23. R1xe5 Nf5 24. Qa3 a6 25. Nf3 Kg8 26. b3 Nh4 27.
Qc1 Nxf3+ 28. gxf3 Qh4 29. Kg2 Rf5 30. Rxf5 Rxf5 31. Qe1 Qg5+ 32. Kh2 h6 33.
Re8+ Kh7 34. Qe6 Qf6 35. Qg8+ 1-0

[Event "C.to Provinciale CO"]
[Site "Villa Guardia ITA"]
[Date "2000.02.11"]
[Round "5"]
[White "Bellotto, Stefano"]
[Black "Caprioglio, Marco"]
[Result "1-0"]
[WhiteElo "1701"]
[BlackElo "1600"]
[PlyCount "67"]
[EventDate "2000.01.14"]

1. d4 Nf6 2. c4 g6 3. Nc3 d5 4. cxd5 Nxd5 5. Nf3 Bg7 6. Qb3 Nxc3 7. bxc3 O-O 8.
Ba3 b6 9. e4 Nd7 10. Qd5 Rb8 11. Bb5 e6 12. Qb3 Re8 13. Qa4 a6 14. Bc6 b5 15.
Qc2 Bb7 16. Bxb7 Rxb7 17. O-O c5 18. e5 Rc7 19. Qe2 cxd4 20. cxd4 Qc8 21. Rac1
Nb6 22. Rxc7 Qxc7 23. Rc1 Qb7 24. Nd2 Bh6 25. Rc2 Rc8 26. Ne4 Rxc2 27. Qxc2 Nd5
28. Bd6 Bf8 29. Qc5 Bxd6 30. exd6 Nb6 31. Nf6+ Kg7 32. Qe5 Qc6 33. Ng4+ Kg8 34.
Nh6+ 1-0

[Event "C.to Provinciale CO"]
[Site "Villa Guardia ITA"]
[Date "2000.02.11"]
[Round "5"]
[White "Bevilacqua, Roberto"]
[Black "Perissinotto, Claudio"]
[Result "1/2-1/2"]
[WhiteElo "2051"]
[BlackElo "2130"]
[PlyCount "68"]
[EventDate "2000.01.14"]

1. d4 d5 2. Nf3 Nf6 3. c4 e6 4. Nc3 Be7 5. Bf4 O-O 6. e3 c5 7. dxc5 Bxc5 8. a3
a5 9. Qc2 Bd6 10. Bg5 Be7 11. O-O-O Nc6 12. h4 Qb6 13. Bxf6 Bxf6 14. Ng5 g6 15.
Na4 Qa7 16. Nxh7 Kxh7 17. h5 Kg7 18. c5 Bd7 19. Nb6 Rad8 20. hxg6 fxg6 21. f4
Be8 22. g4 Rh8 23. Bd3 Bf7 24. g5 Be7 25. Qc3+ e5 26. Rhe1 Qb8 27. Bb5 Na7 28.
Ba4 Be6 29. Qxa5 Bxc5 30. Kb1 Qc7 31. Nc4 b6 32. Qc3 dxc4 33. fxe5 Nc8 34. Rd6
34... Qf7 {...} 1/2-1/2

[Event "C.to Provinciale CO"]
[Site "Villa Guardia ITA"]
[Date "2000.02.11"]
[Round "5"]
[White "Colombo, Alberto"]
[Black "Casoli, Alfredo"]
[Result "1-0"]
[WhiteElo "2165"]
[BlackElo "1639"]
[PlyCount "49"]
[EventDate "2000.01.14"]

1. d4 Nf6 2. Nf3 e6 3. Bg5 h6 4. Bh4 Bb4+ 5. c3 Be7 6. Nbd2 b6 7. e4 Bb7 8. Bd3
d6 9. Qe2 Nbd7 10. O-O O-O 11. Rad1 Nh7 12. Bxe7 Qxe7 13. Rfe1 c5 14. e5 d5 15.
Bb1 c4 16. Nf1 Ng5 17. Nxg5 Qxg5 18. Qc2 g6 19. Re3 Kh7 20. Rg3 Qh5 21. Qd2 Kg7
22. f4 Qh4 23. Rh3 Qg4 24. f5 g5 25. Ne3 1-0

[Event "C.to Provinciale CO"]
[Site "Villa Guardia ITA"]
[Date "2000.02.11"]
[Round "5"]
[White "Corti, Filippo"]
[Black "Coppola, Guido"]
[Result "0-1"]
[WhiteElo "1615"]
[BlackElo "1803"]
[PlyCount "80"]
[EventDate "2000.01.14"]

1. Nf3 d5 2. g3 Nf6 3. Bg2 Nc6 4. d4 g6 5. O-O Bg7 6. c3 O-O 7. b4 Ne4 8. Qb3
e5 9. Be3 Be6 10. Na3 a6 11. Nc2 Ne7 12. Ng5 Nxg5 13. Bxg5 c6 14. Rad1 h6 15.
Be3 e4 16. Qb1 Qd7 17. Qc1 Kh7 18. f3 Bh3 19. fxe4 Bxg2 20. Kxg2 dxe4 21. c4
Qg4 22. Qd2 Rad8 23. Rf4 Qe6 24. d5 cxd5 25. c5 g5 26. Rff1 f5 27. Bd4 Bxd4 28.
Nxd4 Qg6 29. e3 Nc6 30. Nxc6 Qxc6 31. Qe2 Qg6 32. a4 f4 33. exf4 gxf4 34. Kh1
f3 35. Qe3 Qf5 36. Rd4 Qg5 37. Qb3 e3 38. Qd3+ Kh8 39. Qc3 Qe5 40. Qd3 e2 0-1

[Event "C.to Provinciale CO"]
[Site "Villa Guardia ITA"]
[Date "2000.02.11"]
[Round "5"]
[White "Guerrini, Donato"]
[Black "Orsenigo, Davide"]
[Result "1-0"]
[WhiteElo "1969"]
[BlackElo "1425"]
[PlyCount "45"]
[EventDate "2000.01.14"]

1. g4 d5 2. Bg2 g6 3. c4 dxc4 4. Na3 Bg7 5. Nxc4 Nc6 6. g5 e6 7. d3 Nge7 8. Nf3
Bd7 9. h4 h5 10. gxh6 Bxh6 11. Qb3 Rb8 12. Qc3 Rh7 13. Ng5 Bg7 14. Qd2 Rh8 15.
Rb1 Nf5 16. Qf4 e5 17. Qe4 Ncd4 18. Nxe5 Ne6 19. Ngxf7 Qf6 20. Nxd7 Kxd7 21.
Ng5 Ned4 22. Qd5+ Nd6 23. Ne4 1-0

[Event "C.to Provinciale CO"]
[Site "Villa Guardia ITA"]
[Date "2000.02.11"]
[Round "5"]
[White "Liscio, Giovanni"]
[Black "Corti, Corrado"]
[Result "1-0"]
[WhiteElo "1816"]
[BlackElo "1795"]
[PlyCount "127"]
[EventDate "2000.01.14"]

1. d4 d5 2. c4 e6 3. Nc3 c6 4. Nf3 Nf6 5. e3 Nbd7 6. Bd3 Bd6 7. O-O O-O 8. e4
dxe4 9. Nxe4 Be7 10. Qe2 Re8 11. Nc3 Nf8 12. Bg5 h6 13. Bh4 Nh5 14. Bxe7 Qxe7
15. Rfe1 Nf4 16. Qd2 Nxd3 17. Qxd3 Bd7 18. Rad1 Qb4 19. b3 Rad8 20. Ne4 Bc8 21.
c5 Ng6 22. Nd6 Re7 23. Qe3 Qa5 24. Nd2 Qc7 25. N2c4 b6 26. f4 Ba6 27. Ne5 Nxe5
28. dxe5 Red7 29. b4 Rb8 30. f5 exf5 31. e6 fxe6 32. Qxe6+ Kh8 33. Qxf5 bxc5
34. bxc5 Re7 35. h3 Kg8 36. Re6 Rf8 37. Qe4 Rxe6 38. Qxe6+ Kh8 39. Rd4 Kh7 40.
Qe4+ Kh8 41. Qg6 Qe7 42. Qg3 Qf6 43. Re4 Qa1+ 44. Kh2 Qxa2 45. Re7 Qb2 46. Qg6
Qf6 47. Nf7+ Kg8 48. Nxh6+ Kh8 49. Nf7+ Kg8 50. Qxf6 gxf6 51. Nh6+ Kh8 52. Rxa7
Bc4 53. Nf5 Rb8 54. Rc7 Bd5 55. Ne7 Be4 56. Rc8+ Rxc8 57. Nxc8 Kg7 58. g4 Kg6
59. Kg3 Bh1 60. Kf4 Bg2 61. h4 Bh1 62. Nd6 Bd5 63. h5+ Kg7 64. Kf5 1-0

[Event "C.to Provinciale CO"]
[Site "Villa Guardia ITA"]
[Date "2000.02.11"]
[Round "5"]
[White "Revinelli, Sergio"]
[Black "Pino, Nicola"]
[Result "1/2-1/2"]
[WhiteElo "1735"]
[BlackElo "1492"]
[PlyCount "57"]
[EventDate "2000.01.14"]

1. e4 c5 2. Nf3 e6 3. d4 cxd4 4. Nxd4 Nf6 5. Bd3 Nc6 6. Nxc6 bxc6 7. c4 Bc5 8.
e5 Ng8 9. Qg4 g6 10. O-O h5 11. Qg3 Ne7 12. Bg5 Qb6 13. Nc3 Qxb2 14. Ne4 Qa3
15. Bc1 Qa5 16. a4 Nf5 17. Nf6+ Kf8 18. Qf4 Bd4 19. c5 Bxa1 20. Ne4 Qxa4 21. h3
Qd4 22. g4 hxg4 23. hxg4 Qxd3 24. f3 Bd4+ 25. Kg2 Ne3+ 26. Bxe3 Qxe3 27. Qf6
Qh6 28. Qd8+ Kg7 29. Qf6+ 1/2-1/2

[Event "C.to Provinciale CO"]
[Site "Villa Guardia ITA"]
[Date "2000.02.22"]
[Round "6"]
[White "Bellotto, Stefano"]
[Black "Larghi, Riccardo"]
[Result "1/2-1/2"]
[WhiteElo "1701"]
[BlackElo "1842"]
[PlyCount "65"]
[EventDate "2000.01.14"]

1. Nf3 Nf6 2. g3 c5 3. Bg2 Nc6 4. b3 d5 5. Bb2 Bg4 6. d3 e6 7. Nbd2 Be7 8. O-O
O-O 9. c4 d4 10. h3 Bh5 11. g4 Bg6 12. Nh4 Qd7 13. Nxg6 hxg6 14. f4 Rfe8 15.
Nf3 Rad8 16. Ne5 Nxe5 17. fxe5 Nh7 18. Bc1 Bh4 19. Bf4 g5 20. Bh2 Nf8 21. Qd2
Ng6 22. b4 b6 23. bxc5 bxc5 24. Qa5 Rc8 25. Rab1 Rc7 26. Rb5 Qe7 27. Rfb1 Nf4
28. Bxf4 gxf4 29. Rb8 Rxb8 30. Rxb8+ Kh7 31. Re8 Qxe8 32. Qxc7 Qe7 33. Be4+
1/2-1/2

[Event "C.to Provinciale CO"]
[Site "Villa Guardia ITA"]
[Date "2000.02.18"]
[Round "6"]
[White "Bernasconi, Roberto"]
[Black "Guerrini, Donato"]
[Result "0-1"]
[WhiteElo "1500"]
[BlackElo "1969"]
[PlyCount "122"]
[EventDate "2000.01.14"]

1. d4 Nf6 2. Nf3 g6 3. c4 c5 4. Nc3 Bg7 5. e3 O-O 6. Be2 b6 7. O-O Bb7 8. d5 d6
9. e4 Na6 10. Ne1 Nc7 11. a4 a6 12. Bd2 Qd7 13. Rb1 b5 14. b3 b4 15. Na2 Nxe4
16. Bc1 Qf5 17. Bd3 Qe5 18. Bb2 Nc3 19. Qc2 e6 20. Nf3 Qf6 21. Rbc1 exd5 22.
Nxc3 bxc3 23. Bxc3 d4 24. Ba5 Ne6 25. Be4 Rab8 26. Rb1 Rfe8 27. Rfe1 h6 28. b4
Bxe4 29. Rxe4 Nf4 30. Rbe1 Rxe4 31. Qxe4 cxb4 32. Rd1 d3 33. g3 Ne2+ 34. Kg2
Nc3 35. Qxd3 Nxd1 36. Qxd1 b3 37. Nd2 Qd4 38. Qe1 Qc5 39. Ne4 Qc6 40. Kg1 b2
41. Nd2 Qxa4 42. Bc7 Qa1 43. Nb1 Bc3 44. Qe4 Rc8 45. Bxd6 Kg7 46. Kg2 Bf6 47.
c5 Qa2 48. Qc2 Qe6 49. Qd3 a5 50. h3 a4 51. Kf1 Qxh3+ 52. Kg1 Qe6 53. Kg2 Rxc5
54. Bxc5 Qc6+ 55. Kg1 Qxc5 56. Kg2 Bd4 57. Qd2 Qd5+ 58. Kf1 Qc4+ 59. Kg2 Qd5+
60. Kf1 Qh1+ 61. Ke2 Qe4+ 0-1

[Event "C.to Provinciale CO"]
[Site "Villa Guardia ITA"]
[Date "2000.02.18"]
[Round "6"]
[White "Casoli, Alfredo"]
[Black "Rossi, Silio"]
[Result "1-0"]
[WhiteElo "1639"]
[BlackElo "1516"]
[PlyCount "123"]
[EventDate "2000.01.14"]

1. e4 c5 2. Nf3 Nc6 3. d4 cxd4 4. Nxd4 e6 5. a3 Qb6 6. Nb5 a6 7. Nd6+ Bxd6 8.
Qxd6 Qa5+ 9. b4 Qe5 10. Qxe5 Nxe5 11. Bb2 f6 12. Bxe5 fxe5 13. Nd2 Nf6 14. Bd3
d6 15. O-O O-O 16. f3 Rd8 17. Rad1 b5 18. Nb3 d5 19. Nc5 Rd6 20. Rfe1 d4 21. f4
Ng4 22. fxe5 Nxe5 23. Be2 Nc6 24. Rd3 Ne5 25. Rg3 Ra7 26. Rd1 Bb7 27. c3 Nc6
28. e5 Nxe5 29. Rxd4 Rxd4 30. cxd4 Nc4 31. Bxc4 bxc4 32. Nxe6 Bd5 33. Nc5 h6
34. Re3 Kf7 35. Na4 Bc6 36. Nc3 Rd7 37. Ne2 Bb5 38. Kf2 Rd6 39. Re4 g5 40. g3
Rf6+ 41. Ke3 Bc6 42. Re5 Rf3+ 43. Kd2 Rxa3 44. Ra5 Rd3+ 45. Ke1 Bb5 46. d5 Rxd5
47. Nc3 Re5+ 48. Kd2 Rf5 49. Ke3 Re5+ 50. Kd2 Rf5 51. Ke3 Re5+ 52. Kd4 Rf5 53.
Ra2 Kg6 54. Re2 Kf7 55. Re5 Rxe5 56. Kxe5 Kg6 57. Ke4 Kh5 58. Nd1 g4 59. Kf5
Bd7+ 60. Kf6 Bc6 61. Ne3 c3 62. Nf5 1-0

[Event "C.to Provinciale CO"]
[Site "Villa Guardia ITA"]
[Date "2000.02.18"]
[Round "6"]
[White "Colombo, Alberto"]
[Black "Bevilacqua, Roberto"]
[Result "1-0"]
[WhiteElo "2165"]
[BlackElo "2051"]
[PlyCount "65"]
[EventDate "2000.01.14"]

1. Nf3 d5 2. d4 Nf6 3. c4 e6 4. Nc3 b6 5. Bg5 Be7 6. e3 O-O 7. Bd3 h6 8. Bh4
Bb7 9. Qc2 Nc6 10. a3 dxc4 11. Bxc4 Na5 12. Bd3 c5 13. dxc5 bxc5 14. Rd1 Qb6
15. Na4 Qc6 16. Nc3 c4 17. Be2 g5 18. Bg3 g4 19. Nh4 Rac8 20. O-O Qc5 21. Ng6
fxg6 22. Qxg6+ Kh8 23. Qxh6+ Kg8 24. Bxg4 Nxg4 25. Qxe6+ Rf7 26. Qxg4+ Rg7 27.
Qe6+ Kh7 28. Nd5 Bd8 29. Be5 Qf8 30. Bxg7 Qxg7 31. Rd4 Rc6 32. Qf5+ Qg6 33.
Qd7+ 1-0

[Event "C.to Provinciale CO"]
[Site "Villa Guardia ITA"]
[Date "2000.02.18"]
[Round "6"]
[White "Colombo, Eugenio"]
[Black "Orsenigo, Davide"]
[Result "1-0"]
[WhiteElo "1618"]
[BlackElo "1425"]
[PlyCount "41"]
[EventDate "2000.01.14"]

1. e4 c6 2. Nf3 d5 3. e5 Bg4 4. d4 e6 5. h3 Bh5 6. Be2 Nd7 7. Nc3 c5 8. O-O
cxd4 9. Nxd4 Bxe2 10. Qxe2 a6 11. Re1 Bc5 12. Nf3 Ne7 13. Bg5 Qc7 14. Rad1 Nc6
15. Nxd5 exd5 16. e6 Nf8 17. exf7+ Kxf7 18. Rxd5 Bd6 19. Qc4 Kg6 20. Nh4+ Kf7
21. Rxd6+ 1-0

[Event "C.to Provinciale CO"]
[Site "Villa Guardia ITA"]
[Date "2000.02.18"]
[Round "6"]
[White "Coppola, Guido"]
[Black "Cairoli, Camillo"]
[Result "1/2-1/2"]
[WhiteElo "1803"]
[BlackElo "1918"]
[PlyCount "105"]
[EventDate "2000.01.14"]

1. e4 e6 2. d4 d5 3. e5 c5 4. c3 Nc6 5. Nf3 Qb6 6. a3 Bd7 7. b4 cxd4 8. cxd4 f6
9. exf6 Nxf6 10. Bd3 Bd6 11. O-O O-O 12. Bb2 Ng4 13. Bxh7+ Kh8 14. Ne5 Bxe5 15.
Qxg4 Kxh7 16. Qh5+ Kg8 17. dxe5 a5 18. Qh4 axb4 19. axb4 Rxa1 20. Bxa1 Qxb4 21.
Qxb4 Nxb4 22. Nd2 Nd3 23. Nf3 Ra8 24. Nd4 b5 25. f4 Nxf4 26. Nb3 Ng6 27. Bd4
Ra4 28. Rd1 Bc8 29. Rc1 Rc4 30. Ra1 Kh7 31. Ra8 Bd7 32. Ra7 Nf4 33. Be3 Be8 34.
Re7 Bh5 35. Bxf4 Rxf4 36. Rxe6 Be2 37. g3 Rb4 38. Nc5 Rc4 39. Nb3 Bd1 40. Na5
Ra4 41. Nc6 b4 42. Rd6 b3 43. Rxd5 Bf3 44. Rb5 Bxc6 45. Rxb3 Re4 46. Rb6 Bd7
47. Rb5 Be6 48. Kf2 Kg6 49. Kf3 Kf5 50. h4 Rxe5 51. g4+ Kf6 52. g5+ Kf5 53.
Rxe5+ 1/2-1/2

[Event "C.to Provinciale CO"]
[Site "Villa Guardia ITA"]
[Date "2000.02.18"]
[Round "6"]
[White "Corti, Corrado"]
[Black "Pede, Lucio"]
[Result "1-0"]
[WhiteElo "1795"]
[BlackElo "1570"]
[PlyCount "45"]
[EventDate "2000.01.14"]

1. e4 e5 2. Nf3 Nc6 3. d4 d6 4. d5 Nce7 5. c4 Bg4 6. Be2 Nf6 7. Nc3 Qd7 8. O-O
Ng6 9. h3 Bxf3 10. Bxf3 Nh4 11. Be2 h6 12. f4 Ng6 13. f5 Ne7 14. b4 b6 15. c5
Qc8 16. Qa4+ Nd7 17. Be3 Ng8 18. Rac1 Qd8 19. Ba6 Rb8 20. Nb5 Ne7 21. cxd6 Nxd5
22. Nxc7+ Nxc7 23. dxc7 1-0

[Event "C.to Provinciale CO"]
[Site "Villa Guardia ITA"]
[Date "2000.02.18"]
[Round "6"]
[White "Grassetto, Gilberto"]
[Black "Revinelli, Sergio"]
[Result "1-0"]
[WhiteElo "1516"]
[BlackElo "1735"]
[PlyCount "77"]
[EventDate "2000.01.14"]

1. d4 d5 2. c4 c6 3. Nc3 e6 4. Nf3 Nf6 5. Bg5 dxc4 6. e4 b5 7. e5 h6 8. Bh4 g5
9. Nxg5 hxg5 10. Bxg5 Nbd7 11. Qf3 Qb6 12. Bxf6 Nxf6 13. exf6 Bb7 14. Qe3 O-O-O
15. O-O-O c5 16. dxc5 Bxc5 17. Rxd8+ Rxd8 18. Qg5 Bxf2 19. Qxb5 Qxb5 20. Nxb5
Be3+ 21. Kc2 Be4+ 22. Kc3 a6 23. Na3 Bd2+ 24. Kxc4 Bd5+ 25. Kc5 Kb7 26. Nc4
Rc8+ 27. Kd4 Bg5 28. Nd6+ Kc7 29. Nxc8 Bxf6+ 30. Ke3 Kxc8 31. Bxa6+ Kb8 32. b3
Bd8 33. Rf1 f5 34. g3 Bg5+ 35. Ke2 Be4 36. Bc4 e5 37. Bd3 Bg2 38. Rxf5 e4 39.
Rxg5 1-0

[Event "C.to Provinciale CO"]
[Site "Villa Guardia ITA"]
[Date "2000.02.29"]
[Round "6"]
[White "Perissinotto, Claudio"]
[Black "Liscio, Giovanni"]
[Result "1-0"]
[WhiteElo "2130"]
[BlackElo "1816"]
[PlyCount "29"]
[EventDate "2000.01.14"]

1. e4 c6 2. d4 d5 3. Nd2 dxe4 4. Nxe4 Nd7 5. Bc4 Ngf6 6. Ng5 e6 7. Ne2 Bd6 8.
O-O Nb6 9. Bd3 h6 10. Nf3 Qc7 11. c4 c5 12. b4 e5 13. bxc5 e4 14. cxd6 Qd8 15.
Nc3 1-0

[Event "C.to Provinciale CO"]
[Site "Villa Guardia ITA"]
[Date "2000.02.22"]
[Round "6"]
[White "Pino, Nicola"]
[Black "Corti, Filippo"]
[Result "1-0"]
[WhiteElo "1492"]
[BlackElo "1615"]
[PlyCount "71"]
[EventDate "2000.01.14"]

1. e4 c6 2. d4 d5 3. e5 Bf5 4. f4 e6 5. Nf3 Nh6 6. Nc3 a6 7. h3 c5 8. Be3 Nd7
9. Qd2 Qc7 10. g4 Bg6 11. Bd3 Be7 12. Ne2 c4 13. Bxg6 hxg6 14. Kf2 O-O-O 15. b3
b5 16. a4 b4 17. c3 a5 18. Rac1 f6 19. Kg3 fxe5 20. fxe5 Nf6 21. Ng5 Rdf8 22.
Kg2 Ne4 23. Nxe4 dxe4 24. Nf4 Rf7 25. Nxg6 Re8 26. Nxe7+ Qxe7 27. cxb4 Ref8 28.
Rxc4+ Kb7 29. bxa5 Qh4 30. Qc2 Nxg4 31. Rb4+ Ka7 32. Qc5+ Ka8 33. Qc6+ Ka7 34.
Qb6+ Ka8 35. Qa6+ Ra7 36. Qc6+ 1-0